Les albums de Jul (rap fr) - Statistiques

Statistiques générales
  • Ce quiz a été pris 1 051 fois
  • Le résultat moyen est 15 sur 33
Statistiques - réponses
Années Nombres de titres Albums % Correct
2014 17 Dans ma paranoïa
76%
2016 29 My World
70%
2016 30 Album gratuit
69%
2022 39 Coeur blanc
62%
2016 30 L'ovni
62%
2019 32 Rien 100 Rien
58%
2019 38 C'est pas des LOL
51%
2020 30 La machine
50%
2018 40 La zone en personne
50%
2024 23 Décennie
48%
2016 20 Emotion
48%
2022 24 Extraterrestre
47%
2017 19 La tête dans les nuages
47%
2021 23 Indépendance
46%
2015 15 Jul
43%
2020 18 Loin du monde
43%
2016 16 Album gratuit 2
41%
2015 20 Je tourne en rond
41%
2017 14 Album gratuit 3
40%
2017 15 Album gratuit 4
40%
2019 17 Album gratuit 5
40%
2021 14 Album gratuit 6
40%
2018 22 Inspi d'ailleurs
40%
2014 20 Je trouve pas le sommeil
40%
2024 22 Mise à jour
40%
2023 14 Album gratuit 7
38%
2017 24 Je ne me vois pas briller
38%
2021 19 Demain ça ira
37%
2023 23 La route est longue
37%
2014 18 Lacrizeomic
36%
2023 26 C'est quand qu'il s'éteint ?
35%
2022 36 Live au Vélodrome
6%
2015 15 Album gratuit 2015
5%
Aucun quiz correspondant
Distribution des résultats
% des personnes avec chaque résultat
Percentile par nombre de réponses
Votre historique - résultats
Vous n’avez pas pris ce quiz